Statistics for Most Common First Names in the United States - Q, U, X, Y, Z

Click here to take the quiz!

General Stats

  • This quiz has been taken 363 times
  • The average score is 4 of 10

Answer Stats

rankmale% Correct
587X{avier}
79%
181Z{achary}
70%
630U{rsula}
55%
562Q{uentin}
54%
923Q{ueen}
45%
174Y{vonne}
38%
679U{lysses}
28%
1635X{iomara}
5%
807Y{oung}
3%
783Z{elma}
3%

Score Distribution

Percentile by Number Answered

Percent of People with Each Score

Your Score History

You have not taken this quiz